ՀՀ Գիտությունների ազգային ակադեմիայի հիմնարար գիտական գրադարան  =   Fundamental Scientific Library of NAS RA

Беспоплавковая система автоматики для сельскохозяйственных башенных водокаче : (Record no. 460218)

MARC details
000 -LEADER
fixed length control field 00973nam a22001937a 4500
003 - CONTROL NUMBER IDENTIFIER
control field AM-YEHGA
040 ## - CATALOGING SOURCE
Original cataloging agency AM-YeHGA
001 - CONTROL NUMBER
control field 1759976
005 - DATE AND TIME OF LATEST TRANSACTION
control field 20250617160758.0
008 - FIXED-LENGTH DATA ELEMENTS--GENERAL INFORMATION
fixed length control field 210309b1960 ru ||||| |||| 00| 0 rus d
041 0# - LANGUAGE CODE
Language code of text/sound track or separate title rus
090 ## - LOCALLY ASSIGNED LC-TYPE CALL NUMBER (OCLC); LOCAL CALL NUMBER (RLIN)
-- 463298
245 00 - TITLE STATEMENT
Title Беспоплавковая система автоматики для сельскохозяйственных башенных водокаче :
Remainder of title (Руководство) /
Statement of responsibility, etc. Сост. :Р.М. Славин и др.; Всесоюз. науч.-исслед. ин-т электрофикации сельского хозяйства (ВИЭСХ)
260 ## - PUBLICATION, DISTRIBUTION, ETC.
Place of publication, distribution, etc. Москва :
Name of publisher, distributor, etc. Отд. техн. информации ВИЭСХа,
Date of publication, distribution, etc. 1960
300 ## - PHYSICAL DESCRIPTION
Extent 19 с.
650 14 - SUBJECT ADDED ENTRY--TOPICAL TERM
Topical term or geographic name entry element Водоснабжение
710 2# - ADDED ENTRY--CORPORATE NAME
Corporate name or jurisdiction name as entry element Всесоюзный научно-исследователский институт электрофикации сельского хозяйства (ВИЭСХ)
942 ## - ADDED ENTRY ELEMENTS (KOHA)
Source of classification or shelving scheme Universal Decimal Classification
Koha item type Գրքեր / Books
Holdings
Withdrawn status Lost status Source of classification or shelving scheme Damaged status Not for loan Collection Home library Current library Date acquired Total checkouts Full call number Barcode Date last seen Price effective from Koha item type Public note
    Universal Decimal Classification     General Fundamental Scientific Library Fundamental Scientific Library 09/03/2021   PII/45638 FL0641907 09/03/2021 09/03/2021 Գրքեր / Books 30 Days Loan


ՀՀ ԳԱԱ հիմնարար գիտական գրադարան
ՀՀ,Երևան 0019
Մարշալ Բաղրամյան 24/6
հեռախոս:(374-10) 52-47-50
Հետադարձ կապ

All site content, except where otherwise noted, is licensed under a
Creative Commons License